000 00469cam a22001694a 4500
005 20250605164209.0
008 250528s ||||||||||||||||||||||||d
035 _a20195
040 _aGR-AtMCL
_bgre
_dGR-AtMCL
_eAACR2
245 1 _aΗ Ελληνική Βιομηχανία 1997 - 98 / Με τη CMP στο Internet
300 _a456
710 2 _aIndustrial News & Research
_99784
942 _cBK
260 _bMultipress Ae
999 _c5330
_d5330